European Countries By GDP Per Capita - Statistics

General Stats
  • This quiz has been taken 362 times
    63 since last reset
  • The average score is 39 of 44
Answer Stats
$ # Country % Correct
$295,000 M Monaco
98%
$129,130 I Ireland
96%
$231,330 L Liechtenstein
96%
$146,880 L Luxembourg
96%
$98,960 I Iceland
94%
$111,040 S Switzerland
94%
$53,180 A Andorra
91%
$76,810 D Denmark
91%
$57,080 F Finland
91%
$48,980 F France
91%
$59,920 G Germany
91%
$73,170 N Netherlands
91%
$91,840 N Norway
91%
$38,590 P Poland
91%
$65,270 S San Marino
91%
$56,610 U United Kingdom
91%
$60,140 B Belgium
89%
$35,160 C Czech Republic
89%
$34,660 E Estonia
89%
$27,170 G Greece
89%
$42,430 I Italy
89%
$25,980 L Latvia
89%
$32,930 L Lithuania
89%
$30,410 P Portugal
89%
$39,050 S Spain
89%
$61,610 S Sweden
89%
$11,010 A Albania
87%
$62,050 A Austria
87%
$26,990 C Croatia
87%
$25,220 H Hungary
87%
$49,270 M Malta
87%
$14,180 M Montenegro
87%
$9,680 B Bosnia and Herzegovina
85%
$10,330 N North Macedonia
85%
$22,440 R Romania
85%
$15,330 S Serbia
85%
$29,520 S Slovakia
85%
$37,190 S Slovenia
85%
$9,430 B Belarus
83%
$20,450 B Bulgaria
83%
$6,310 U Ukraine
83%
$8,030 K Kosovo
81%
$8,230 M Moldova
81%
$19,750 R Russia
81%
No matching quizzes found
Score Distribution
Percent of People with Each Score
Percentile by Number Answered
Your Score History
You have not taken this quiz since the last reset